| 000 | 02786cam a2200349 a 4500 | ||
|---|---|---|---|
| 003 | EG-GiCUC | ||
| 005 | 20250223032256.0 | ||
| 008 | 190507s2018 ua h f m 000 0 eng d | ||
| 040 |
_aEG-GiCUC _beng _cEG-GiCUC |
||
| 041 | 0 | _aeng | |
| 049 | _aDeposite | ||
| 097 | _aPh.D | ||
| 099 | _aCai01.11.25.Ph.D.2018.Sh.A | ||
| 100 | 0 | _aSherif Hamdy Mohamed Zawam | |
| 245 | 1 | 0 |
_aAll through arthroscopic reduction and fixation of depressed tibial plateau fractures / _cSherif Hamdy Mohamed Zawam ; Supervised Mohamed Kamal Abdelaziz , Ibrahim Taha Eljeady , Ahmed Mahmoud Gad |
| 246 | 1 | 5 | _aاستخدام المنظار الجراحى كليأ فى رد وتثبيت الكسورالمفصليه المنخفضه باعلي عظمة القصبه |
| 260 |
_aCairo : _bSherif Hamdy Mohamed Zawam , _c2018 |
||
| 300 |
_a108 P. : _bfacsimiles ; _c25cm |
||
| 502 | _aThesis (Ph.D.) - Cairo University - Faculty of Medicine - Department of Orthopaedic Surgery | ||
| 520 | _aIntroduction: Tibial plateau fractures can be difficult to manage for an orthopaedic surgeon. The factors determining a satisfactory result in the treatment of these fractures are the adequacy of reduction and the degree of joint motion. These fractures are often associated with ligamentous and meniscal injury, and consequently it is necessary to assess and treat the concomitant knee pathology at the same time. Aim of the work: The goal of our study was to determine the feasibility and the results of the all through arthroscopic reduction and fixation of depressed tibial plateau fractures. Materials and methods: This prospective study involved 30 patients with fractures of the tibial plateau presenting to the emergency department of Cairo university hospitals between February 2016 and January 2018 .All patients were followed up for an average period of 6 months. The longest follow up was 2 years. Results:The average time to full union was 10.9 weeks. Functional assessment according to modified rasmussen scoring system was 27.8 ,ranging from(24-30). 20 patients had excellent scores(28-30), 10 patients had good scores(24-27). Only one case(3.3 %) who was known to suffer from diabetes and renal impairment had mild superficial skin infection that resolved after 5 days of systemic antibiotics and daily dressings. None of the cases was complicated by wound dehiscence or deep infection | ||
| 530 | _aIssued also as CD | ||
| 653 | 4 | _aArthroscopy | |
| 653 | 4 | _aFixation | |
| 653 | 4 | _aTibial plateaufracture | |
| 700 | 0 |
_aAhmed Mahmoud Gad , _eSupervisor |
|
| 700 | 0 |
_aIbrahim Taha Eljeady , _eSupervisor |
|
| 700 | 0 |
_aMohamed Kamal Abdelaziz , _eSupervisor |
|
| 856 | _uhttp://172.23.153.220/th.pdf | ||
| 905 |
_aNazla _eRevisor |
||
| 905 |
_aSamia _eCataloger |
||
| 942 |
_2ddc _cTH |
||
| 999 |
_c71842 _d71842 |
||